000 00455cam a22001457a 4500
008 180718b1960 xxu||||| |||| 00| 0 eng d
082 _aT34084 N213
100 _aLockley, Lawrence C.
245 _aUse of motivation research in manketing
_cby Lawrence C. Lockley
260 _aNew York
_bNational Industrial Conference Board
_c1960
300 _a27p.
650 _aLockley Lawrence C.
650 _aMoivation (Psychology)
650 _aMarketing - Resarch
999 _c480873
_d480873